00998nam a2200241Ia 4500003000900000008004100009040001600050080002200066111009900088245018700187260004200374300001000416500002600426650002100452650004100473650002500514650002700539700003400566710003600600942000700636999001500643952009800658IN-BaIIA211028s9999 xx 000 0 eng d cIIA Library a523.945(063)bKIE aColloquium on the Fine Structure of the Solar ChromospherecAnacaprid1966 June 6 – 8912729 4aThe fine structure of the solar chromospherebcolloquium at the german solar observatory Anacapri 6 – 8 June. 1966cedited by K. O. Kipenhever  aWiesbadenbFranz Steiner Verlagc1966 a149p. aDonated by Mrs. Bappu aActive Sun95272 aAstronomy and Astrophysics Thesaurus aSolar Activity91424 aSolar Atmosphere94799 aKipenhever, K. O., ed.912730 aGerman solar observatory912731 cBK c7454d7454 00104070aBANbBANcGENd1983-07-11l0o523.945(063)/ KIEp8265r2021-11-05w1983-07-11yBK